KOHA-Header-6

Calculus :with Analytic Geometry (Record no. 6202)

000 -LEADER
fixed length control field 00377nam a2200157Ia 4500
003 - CONTROL NUMBER IDENTIFIER
control field OSt
005 - DATE AND TIME OF LATEST TRANSACTION
control field 20190921200502.0
008 - FIXED-LENGTH DATA ELEMENTS--GENERAL INFORMATION
fixed length control field 190906s9999||||xx |||||||||||||| ||und||
020 ## - INTERNATIONAL STANDARD BOOK NUMBER
International Standard Book Number 978-0471105893
040 ## - CATALOGING SOURCE
Transcribing agency maju
100 ## - MAIN ENTRY--PERSONAL NAME
Personal name Anton,Howard
245 #0 - TITLE STATEMENT
Title Calculus :with Analytic Geometry
260 ## - PUBLICATION, DISTRIBUTION, ETC. (IMPRINT)
Place of publication, distribution, etc London
Name of publisher, distributor, etc Prentice Hall Inc.
Date of publication, distribution, etc 1995
300 ## - PHYSICAL DESCRIPTION
Extent 1007
942 ## - ADDED ENTRY ELEMENTS (KOHA)
Koha item type Books
Source of classification or shelving scheme
Holdings
Withdrawn status Lost status Source of classification or shelving scheme Damaged status Not for loan Collection code Permanent Location Current Location Shelving location Date acquired Full call number Barcode Date last seen Price effective from Koha item type
          Calculus MAJU MAJU Shelf No.A27 2019-09-06 515.15 1839 2019-09-06 2019-09-06 Calculus

Powered by Koha